| Tag |
First Indicator |
Second Indicator |
Subfields |
| LEADER |
00000uam a2200000 a 4500 |
| 001 |
in00004127439 |
| 005 |
20260122210908.7 |
| 006 |
m o d |
| 007 |
cr cn |
| 008 |
250913s2012 xx o eng |
| 020 |
|
|
|z 9781136147098
|
| 020 |
|
|
|z 9780240820422
|
| 020 |
|
|
|z 9781138400726
|
| 020 |
|
|
|z 0240820428
|
| 020 |
|
|
|z 0240820452
|
| 020 |
|
|
|z 9780240820453
|
| 020 |
|
|
|z 1138400726
|
| 035 |
|
|
|a (CaSebORM)9780240820422
|
| 040 |
|
|
|d UtOrBLW
|
| 041 |
0 |
|
|a eng
|
| 100 |
1 |
|
|a Watkins, Adam,
|e author.
|
| 245 |
1 |
0 |
|a Getting Started in 3D with Maya /
|c Watkins, Adam.
|
| 250 |
|
|
|a 1st edition.
|
| 264 |
|
1 |
|b Routledge,
|c 2012.
|
| 300 |
|
|
|a 1 online resource (428 pages)
|
| 336 |
|
|
|a text
|b txt
|2 rdacontent
|
| 337 |
|
|
|a computer
|b c
|2 rdamedia
|
| 338 |
|
|
|a online resource
|b cr
|2 rdacarrier
|
| 347 |
|
|
|a text file
|
| 520 |
|
|
|a Deliver professional-level 3D content in no time with this comprehensive guide to 3D animation with Maya. With over 12 years of training experience, plus several award winning students under his belt, author Adam Watkins is the ideal mentor to get you up to speed with 3D in Maya. Using a structured and pragmatic approach Getting Started in 3D with Maya begins with basic theory of fundamental techniques, then builds on this knowledge using practical examples and projects to put your new skills to the test. Prepared so that you can learn in an organic fashion, each chapter builds on the knowledge gained in the previous chapter, showing you all the essentials of 3D in Maya, from modeling and UV layout, to texture creation, rigging animating and rendering. As you go from project to project you'll develop a strong arsenal of skills that combined will form a complete end to end process to creating complete projects in Maya. The accompanying website provides all the tools you need to develop your skills. Project files to accompany the practical examples used throughout the text, so you can work along with the examples. Additional textures and models will give you all the resources you need to start making your own projects in no time at all.
|
| 533 |
|
|
|a Electronic reproduction.
|b Boston, MA :
|c Safari,
|n Available via World Wide Web.
|d 2012.
|
| 538 |
|
|
|a Mode of access: World Wide Web.
|
| 542 |
|
|
|f Copyright © Routledge 2012
|g 2012
|
| 588 |
|
|
|a Online resource; Title from title page (viewed November 12, 2012)
|
| 500 |
|
|
|a Electronic resource.
|
| 655 |
|
7 |
|a Electronic books.
|2 local
|
| 710 |
2 |
|
|a Safari, an O'Reilly Media Company.
|
| 856 |
4 |
0 |
|u https://proxy.library.tamu.edu/login?url=https://go.oreilly.com/TAMU/library/view/-/9780240820422/?ar
|z Connect to this electronic resource
|t 0
|
| 999 |
f |
f |
|s 92892667-f765-3b75-acf8-709a7b4aad13
|i 1dad1ee0-2ead-39b4-939e-892b21d56216
|t 0
|
| 952 |
f |
f |
|a Texas A&M University
|b College Station
|c Electronic Resources
|s www_evans
|d Available Online
|t 0
|h No information provided
|
| 998 |
f |
f |
|t 0
|l Available Online
|